50 Historias de Princesas / (Record no. 13155)

000 -CABECERA
fixed length control field 00932nam a22002417a 4500
003 - IDENTIFICADOR DEL NÚMERO DE CONTROL
control field AR-CdUCM
008 - DATOS DE LONGITUD FIJA--INFORMACIÓN GENERAL
fixed length control field 190411b ||||| |||| 00| 0 spa d
020 ## - NÚMERO INTERNACIONAL ESTÁNDAR DEL LIBRO
ISBN 978-607-404-970-1
040 ## - FUENTE DE LA CATALOGACIÓN
Agencia/entidad que catalogó originalmente la obra MUNICIPALIDAD PROVINCIAL DEL CUSCO
Entidad que transcribió la catalogación BIBLIOTECA MUNICIPAL DEL CUSCO
082 ## - NÚMERO DE LA CLASIFICACIÓN DECIMAL DEWEY
No. de Clasificación ES / 372.808 /
Notacion interna H59
110 ## - ENTRADA PRINCIPAL--NOMBRE DE ENTIDAD CORPORATIVA
Nombre de la institución, jurisdicción como entrada principal Miles Kelly Publishing Ltd.
9 (RLIN) 31341
245 ## - MENCIÓN DE TÍTULO
Título 50 Historias de Princesas /
260 ## - PUBLICACIÓN, DISTRIBUCIÓN, ETC.
Lugar de publicación, distribución, etc. México :
Nombre de la editorial, distribuidor, etc. Silver Dolphin ;
Fecha de publicación, distribución, etc. 2015.
300 ## - DESCRIPCIÓN FÍSICA
Nº de Páginas Extensión 512 páginas ;
Otros detalles físicos Ilustraciones
Dimensiones 22cm
505 ## - NOTA DE CONTENIDO CON FORMATO
Nota de contenido formateada Contenido: La mas hermosa de todas -- Aventuras encantadoras -- Niñas valientes y muchachas aguerridas -- De la miseria a la opulencia -- Felices para siempre
650 ## - PUNTO DE ACCESO ADICIONAL DE MATERIA--TÉRMINO DE MATERIA
Descriptor Historias
9 (RLIN) 2725
650 ## - PUNTO DE ACCESO ADICIONAL DE MATERIA--TÉRMINO DE MATERIA
Descriptor Princesas
9 (RLIN) 31374
650 ## - PUNTO DE ACCESO ADICIONAL DE MATERIA--TÉRMINO DE MATERIA
Descriptor Educación primaria
9 (RLIN) 1561
700 ## - PUNTO DE ACCESO ADICIONAL--NOMBRE DE PERSONA
Nombre Personal Thomas, Tig (compilador)
9 (RLIN) 31353
700 ## - PUNTO DE ACCESO ADICIONAL--NOMBRE DE PERSONA
Nombre Personal Caballero, Samantha (traducción)
9 (RLIN) 24667
942 ## - ELEMENTOS DE PUNTO DE ACCESO ADICIONAL (KOHA)
Fuente de clasificación
Tipo de item Libros-BMC
945 ## - PROCESAMIENTO DE INFORMACIÓN LOCAL (OCLC)
Catalogador nom
AAAA-MM-DD - Fecha de ingreso o modificacion 2019-04-11
Holdings
Estado de retiro (separado) Fuente de clasificación o esquema de estanterías Estado dañado Ubicación Sala donde se ubica Nombre de la colección Fecha de adquisición o compra Costo, precio normal en soles Signatura topográfica Código de Barras Última vez visto (Koha) Tipo de ítem (Koha) Fuente de adquisición
No     Sala de Infantes Sala de Infantes Children's Area 2019-04-11 130.00 ES / 372.808 / H59 SI00001803 2019-04-11 Libros-BMC  
No     Sala de Infantes Sala de Infantes Children's Area 2019-04-11 130.00 ES / 372.808 / H59 / e.2 SI00001804 2019-04-11 Libros-BMC  
No     Sala de Infantes Sala de Infantes Children's Area 2019-04-11 130.00 ES / 372.808 / H59 / e.3 SI00004731 2020-03-02 Libros-BMC Reposición

Powered by Koha